000 00836nam a2200265 a 4500
001 BRL_1278
005 20190320211127.0
008 171213s1955----sp-a######---#000-0#spa-#
041 _aspa
044 _asp
050 4 _aNK925
_b.B67 1955
100 1 _aBossert, Helmuth Theodor
_d1889-
_926363
245 1 0 _aEl arte popular en Europa
_btejidos, alfombras y bordados
_cH. TH. Bossert.
250 _a2
260 _aBarcelona, España
_bGustavo Gili
_c1955
300 _aXII
_bil. a color, 40 láminas
_c34 cm.
500 _aIncluye índice cronológico de piezas fechadas
500 _aEstado físico: camisa rota y desprendida
500 _aAu1488
650 1 4 _aDecoración y ornamentación
_zEuropa
_926364
650 1 4 _aArtes decorativas
_zEuropa
_926365
650 1 4 _aTelas
_zEuropa
_926366
902 _aGRL
942 _2lcc
_cB
999 _c10090
_d10090